| 000 | 00698nam a2200205 i 4500 | ||
|---|---|---|---|
| 001 | 66878 | ||
| 003 | ES-MaACL | ||
| 005 | 20230906165856.0 | ||
| 007 | t| | ||
| 008 | 040416s1996 sp ao |||| | spa d | ||
| 080 | _a914.601.86 | ||
| 100 | 1 |
_aGoig Soler, María Isabel. _957620 |
|
| 245 | 1 | 0 |
_aSoria _b: pueblo a pueblo / _cMaría Isabel Goig Soler, María Luisa Goig Soler. |
| 260 |
_aSoria : _bGoig Soler, _c[1996] ( _eBarcelona : _fGráf. Ochoa Soria) |
||
| 300 |
_a401 p. : _bfot. ; _c23 cm. |
||
| 500 | _aGlosario. | ||
| 651 | 4 |
_aSoria (Provicia)- _xDescripción. _99408 |
|
| 700 | 1 |
_aGoig Soler, María Luisa. _957621 |
|
| 852 |
_aES-MaACL _jL-27461 _z. - Dedicatoria autógrafa de la autora |
||
| 999 |
_c66878 _d66878 |
||